| 000 | 00553nam a22001337a 4500 | ||
|---|---|---|---|
| 040 | _cRUA | ||
| 082 | _aVEM SOK 2015 B533 Or.1 | ||
| 100 | _aSOK SAMORN; ស៊ុក សាម៉ន | ||
| 245 | _aStudy on external parasite disease in dog at treang district, takeo province; ការសិក្សាពីបរាសិតខាងក្រៅរបស់សុនខនៅស្រុកទ្រាំង ខេត្តតាកែវ | ||
| 260 |
_aPHNOM PENH _bSOK _c2015 |
||
| 300 |
_ax;38p. _bill. _c29cm. |
||
| 856 | _uSOK SAMORN | ||
| 942 | _cVEM | ||
| 999 |
_c10861 _d10861 |
||